000 00587nam a2200205 a 4500
001 1073543
005 20241209101917.0
008 910621s1992 iaua b 001 0 eng
020 _a0697098117
020 _a9780697145536
050 0 0 _aQE38
_b.M66 1992
082 0 0 _a550
_220
100 1 _aMontgomery, Carla W.,
_d1951-
245 1 0 _aEnvironmental geology /
_cCarla W. Montgomery.
250 _a3rd ed.
260 _aDubuque, Iowa :
_bWm. C. Brown,
_cc1992.
300 _axiv, 466 p. :
_bill. (some col.) ;
_c29 cm.
650 0 _aEnvironmental geology.
942 _2lcc
_cBK
_e3rd ed.
_n0
999 _c1979
_d1979